000
00310pam a2200133 a 4500
020
_c
041
_h
082
_a
778
_b
NAN
100
_a
Jiwesh Nandan .
245
_a
Mahakumbh A- Spiritual Journey
_h
Textual Documents
260
_a
[s.l]:
_b
Rupa & Co ,
_c
2002.
300
_a
104:
_b
paper.
930
_a
5337
999
_c
239127
_d
239127